000 00606 a2200133 4500
008 111013t xxu||||| |||| 00| 0 eng d
050 _aREF BX5015
_b.C47 1971
245 _aThe church of England year book ;
_bthe official year book of the general synod of the church of England /
260 _aOxford
_bChurch Army Press
_c1971
300 _axxvii, 408 p.;
_c22 cm.
700 _aCentral Board of Finance of the Church of England
942 _2lcc
_cBK
999 _c39534
_d39534